<?xml version="1.0" encoding="UTF-8"?>
<record
    xmlns:xsi="http://www.w3.org/2001/XMLSchema-instance"
    xsi:schemaLocation="http://www.loc.gov/MARC21/slim http://www.loc.gov/standards/marcxml/schema/MARC21slim.xsd"
    xmlns="http://www.loc.gov/MARC21/slim">

  <leader>00777nam a2200181Ia 4500</leader>
  <controlfield tag="008">151202s9999||||xx |||||||||||||| ||und||</controlfield>
  <datafield tag="082" ind1=" " ind2=" ">
    <subfield code="b">PNVM-71872</subfield>
  </datafield>
  <datafield tag="100" ind1=" " ind2=" ">
    <subfield code="a">&#x92B;&#x933;&#x923;&#x940;&#x915;&#x930; &#x935;&#x93F;&#x91C;&#x92F; / &#x936;&#x92C;&#x94D;&#x926;&#x93E;&#x902;. &#x92B;&#x93E;&#x933;&#x915;&#x947; &#x938;&#x935;&#x93F;&#x924;&#x93E;.</subfield>
  </datafield>
  <datafield tag="245" ind1=" " ind2=" ">
    <subfield code="a">&#x92A;&#x930;&#x93E;&#x91C;&#x92F; &#x928;&#x935;&#x94D;&#x939;&#x947; &#x935;&#x93F;&#x91C;&#x92F;.</subfield>
  </datafield>
  <datafield tag="260" ind1=" " ind2=" ">
    <subfield code="b">"&#x926;&#x93F;&#x932;&#x940;&#x92A;&#x930;&#x93E;&#x91C; &#x92A;&#x94D;&#x930;&#x915;&#x93E;&#x936;&#x928;, &#x92A;&#x941;&#x923;&#x947;."</subfield>
  </datafield>
  <datafield tag="260" ind1=" " ind2=" ">
    <subfield code="c">70709</subfield>
  </datafield>
  <datafield tag="300" ind1=" " ind2=" ">
    <subfield code="a">188</subfield>
  </datafield>
  <datafield tag="600" ind1=" " ind2=" ">
    <subfield code="a">&#x92B;&#x933;&#x923;&#x940;&#x915;&#x930; &#x935;&#x93F;&#x91C;&#x92F; / &#x936;&#x92C;&#x94D;&#x926;&#x93E;&#x902;. &#x92B;&#x93E;&#x933;&#x915;&#x947; &#x938;&#x935;&#x93F;&#x924;&#x93E;.</subfield>
  </datafield>
  <datafield tag="630" ind1=" " ind2=" ">
    <subfield code="a">&#x92A;&#x930;&#x93E;&#x91C;&#x92F; &#x928;&#x935;&#x94D;&#x939;&#x947; &#x935;&#x93F;&#x91C;&#x92F;.</subfield>
  </datafield>
  <datafield tag="700" ind1=" " ind2=" ">
    <subfield code="a">&#x92B;&#x933;&#x923;&#x940;&#x915;&#x930; &#x935;&#x93F;&#x91C;&#x92F; / &#x936;&#x92C;&#x94D;&#x926;&#x93E;&#x902;. &#x92B;&#x93E;&#x933;&#x915;&#x947; &#x938;&#x935;&#x93F;&#x924;&#x93E;.</subfield>
  </datafield>
  <datafield tag="730" ind1=" " ind2=" ">
    <subfield code="a">&#x92A;&#x930;&#x93E;&#x91C;&#x92F; &#x928;&#x935;&#x94D;&#x939;&#x947; &#x935;&#x93F;&#x91C;&#x92F;.</subfield>
  </datafield>
  <datafield tag="942" ind1=" " ind2=" ">
    <subfield code="c">BOOK</subfield>
  </datafield>
  <datafield tag="999" ind1=" " ind2=" ">
    <subfield code="c">1338541</subfield>
    <subfield code="d">1338538</subfield>
  </datafield>
  <datafield tag="952" ind1=" " ind2=" ">
    <subfield code="0">0</subfield>
    <subfield code="1">0</subfield>
    <subfield code="4">0</subfield>
    <subfield code="7">0</subfield>
    <subfield code="a">PNVM</subfield>
    <subfield code="b">PNVM</subfield>
    <subfield code="d">2015-06-21</subfield>
    <subfield code="g">0.00</subfield>
    <subfield code="l">0</subfield>
    <subfield code="o">PNVM-71872</subfield>
    <subfield code="p">PNVM-71872</subfield>
    <subfield code="r">2015-12-02 00:00:00</subfield>
    <subfield code="v">0.00</subfield>
    <subfield code="w">2015-12-02</subfield>
    <subfield code="y">BOOK</subfield>
  </datafield>
</record>
